Cycling - Overall Winners of AT LEAST 2 of 3 Grand Tours - Statistics

General Stats
  • This quiz has been taken 273 times
    259 since last reset
  • The average score is 14 of 26
Answer Stats
Giro TdF Vuel. Country CYCLIST % Correct
1 4 1 United Kingdom Chris Froome
91%
2* 2* 3 Spain Alberto Contador
88%
5 5 1 Belgium Eddy Merckx
88%
1 ----- 1 Colombia Nairo Quintana
87%
2 1 1 Italy Vincenzo Nibali
85%
2 5 ----- Spain Miguel Indurain
79%
3 5 2 France Bernard Hinault
78%
1 1 ----- Ireland Stephen Roche
70%
5 2 ----- Italy Fausto Coppi
69%
2 5 1 France Jacques Anquetil
67%
----- 1 1 Germany Jan Ullrich
65%
3 2 ----- Italy Gino Bartali
60%
1 1 ----- Italy Marco Pantani
58%
1 ----- 1 Russia Denis Menchov
56%
1 2 ----- France Laurent Fignon
50%
----- 1 1 Netherlands Joop Zoetemelk
49%
1 ----- 3 Switzerland Tony Rominger
46%
2 1 ----- Luxembourg Charly Gaul
40%
----- 1 2 Spain Pedro Delgado
37%
1 1 ----- Switzerland Hugo Koblet
36%
----- 1 1 Spain Luis Ocana
36%
3 1 1 Italy Felice Gimondi
35%
----- 1 1 Netherlands Jan Janssen
33%
1 1 ----- Italy Gastone Nencini
19%
----- 1 1 France Roger Pingeon
16%
1 ----- 1 Italy Giovanni Battaglin
7%
No matching quizzes found
Score Distribution
Percent of People with Each Score
Percentile by Number Answered
Your Score History
You have not taken this quiz since the last reset